Online Catalogue and eLibrary

Feminist literary studies : (Record no. 3154)

MARC details
000 -LEADER
fixed length control field 00434nam a2200169Ia 4500
005 - DATE AND TIME OF LATEST TRANSACTION
control field 20241014042727.0
008 - FIXED-LENGTH DATA ELEMENTS--GENERAL INFORMATION
fixed length control field 240331s9999 xx 000 0 und d
020 ## - INTERNATIONAL STANDARD BOOK NUMBER
ISBN 0521398525
082 ## - DDC Classification
Item Number - Author Mark RUT
Class No. 820
100 ## - MAIN ENTRY--PERSONAL NAME
Personal name Ruthven, K.K
245 #0 - TITLE STATEMENT
Title Feminist literary studies :
Remainder of title An introduction
260 ## - PUBLICATION, DISTRIBUTION, ETC.
Place of publication, distribution, etc. Cambridge
Name of publisher, distributor, etc. Cambridge University Press
Date of publication, distribution, etc. 1984
300 ## - PHYSICAL DESCRIPTION
Extent (e.g. Volumes, Pages etc.) vii, 152 p .,
650 ## - SUBJECT ADDED ENTRY--TOPICAL TERM
Topical term or geographic name entry element Feminist
650 ## - SUBJECT ADDED ENTRY--TOPICAL TERM
Topical term or geographic name entry element English
942 ## - Koha item type (Biblio)
Koha item type Books in Stacks (Lending)
Holdings
Lost status Damaged status Collection code Home library Current library Shelving location Date acquired Full call number Accession Number Item type
    Lending WERC Library WERC Library Social Science Cupboard 03/31/2024 820 RUT 1170 Books in Stacks (Lending)

© WERC Library